| 000 | 00851nam a22001937a 4500 | ||
|---|---|---|---|
| 999 |
_c61371 _d61371 |
||
| 005 | 20240226150453.0 | ||
| 008 | 240226s2016 tu ||||| |||| 00| 0 tur d | ||
| 020 | _a9789941465239 | ||
| 041 | _atur | ||
| 080 | _a811.512.16 ა-93 | ||
| 100 |
_aაფხაზავა, თეონა _921293 |
||
| 245 |
_aსავარჯიშოების კრებული თურქულ ენაში: _bკრ. 2 / _cთეონა აფხაზავა ; რედაქტორი მარიკა ჯიქია. |
||
| 264 |
_aთბილისი, _c2016. |
||
| 300 |
_a178 გვ.; _b30 სმ. |
||
| 500 | _aპარალ. სათ. თურქულ ენაზე | ||
| 653 | _aთურქული ენა | ||
| 700 |
_aჯიქია, მარიკა _eრედაქტორი _921288 |
||
| 942 |
_2udc _cQSR |
||